000 00506nam a22001937a 4500
003 MPLRDC
005 20220104124521.0
008 210129b ||||| |||| 00| 0 eng d
020 _a7-5395-0456-0
082 _a857.621 SJKH-2 v.1
100 _a蒋虹丁主编
245 _a太空少年诺曼
_c
250 _a一版三刷
260 _a
_b福建少年儿童出版社
_c1992
300 _b
490 _a世界科幻小说精品丛书
650 _a科幻小说
942 _cBK
_o857.621 SJKH-2 v.1
999 _c19967
_d19957